| 000 | 01229cam a2200349 a 4500 | ||
|---|---|---|---|
| 001 | 2249 | ||
| 005 | 20231113155756.0 | ||
| 020 | _a9780545054607 (pbk.) | ||
| 020 | _a0545054605 | ||
| 020 | _a9780545054607 | ||
| 040 |
_aBTCTA _cBTCTA _dOCO _dUPZ _dCN5O8 _dB2A _dDLC _beng |
||
| 050 | 0 | 0 |
_aPZ7.M85354 _bDaz 2008 |
| 082 | 0 | 0 |
_a823.92 _222 |
| 100 | 1 | _aMoss, Olivia | |
| 245 | 1 | 0 |
_aDazzle's new friend / _cby Olivia Moss ; illustrated by Helen Turner |
| 250 | _aFirst printing, December 2008 | ||
| 260 |
_aNew York : _bScholastic Inc., _c2008 |
||
| 300 |
_a64 pages : _billustrations _c19 cm |
||
| 490 | 0 |
_aButterfly Meadow ; _v[5] |
|
| 490 | 0 | _aLittle apple | |
| 505 | _aK | ||
| 520 | _aDazzle the butterfly and her friends are exploring the apple orchard when they spot a hedgehog in trouble and they want to help, but are afraid the hedgehog's prickly spines would tear their wings. | ||
| 521 |
_a600 _bLexile estimate |
||
| 521 |
_aK _bRaz-Plus |
||
| 650 | 1 |
_aButterflies _vFiction. |
|
| 650 | 1 |
_aHedgehogs _vFiction. |
|
| 650 | 1 |
_aHelpfulness _vFiction. |
|
| 650 | 1 |
_aFriendship _vFiction. |
|
| 700 | 1 |
_aTurner, Helen _d1980- _eillustrator |
|
| 906 |
_a7 _bcbc _ccopycat _d2 _encip _f20 _gy-gencatlg |
||
| 942 |
_2ddc _cBK _n0 |
||
| 999 |
_c2249 _d2249 |
||